[Event "Stay Safe Play From Home 204"]
[Site "T#646591Emanuel Laske"]
[Date "2020.06.05"]
[Round "1"]
[White "Chesstiger9"]
[Black "Tunca"]
[Result "1-0"]
[WhiteElo "2113"]
[BlackElo "1755"]
[Annotator "TA"]
[PlyCount "79"]
[EventDate "2020.06.05"]
[EventType "swiss (blitz)"]

{[%evp 9,79,48,69,59,68,37,43,-24,19,8,22,0,0,4,16,-4,25,12,4,2,10,-96,-86,-86,-27,-44,-40,-85,-89,-95,-63,-66,-65,-68,-75,-80,-68,-61,-64,-79,-59,-78,-38,-42,-26,-44,-32,-45,0,0,0,0,501,498,489,426,594,480,525,375,741,714,1358,1326,1350,1173,1272,1237,1242,1129,5747,5655]} 1. d4 d6 2. e4 c5 3. c3 Nc6 4. Nf3 g6 5. Bb5 Bd7 6. O-O {B22: Sicilian: 2 c3.} Bg7 7. Be3 Nf6 8. e5 (8. d5 $14 Ne5 9. Bxd7+ Nfxd7 10. Nxe5 Nxe5 11. Nd2) 8... dxe5 9. dxe5 Ng4 {[#]} 10. Bxc5 $146 ({Predecessor:} 10. e6 Bxe6 11. Qxd8+ Rxd8 12. Bxc5 a6 13. Bxc6+ bxc6 14. Nd4 Rd5 15. b4 Ne5 16. Nd2 {1-0 (38) Najer,E (2643)-Mamedov,R (2679) Baku 2011}) 10... Ngxe5 11. Re1 O-O 12. Nbd2 Bf5 13. Bxc6 Nxc6 14. Nb3 Re8 15. h3 (15. Qxd8 $11 {remains equal.} Raxd8 16. Nfd4) 15... e5 $17 16. Qe2 Qc7 ({Better is} 16... Bd3 $17 17. Qd2 e4) 17. Rad1 Rad8 18. Qe3 b6 19. Ba3 Rxd1 20. Rxd1 Rd8 21. Qe2 Rxd1+ 22. Qxd1 Qd7 (22... h6 {looks sharper.} 23. Nc1 Be6 24. Qd6 Qxd6 25. Bxd6 h5) 23. Qxd7 Bxd7 24. Bd6 Bf5 25. Nfd2 Bf6 26. f3 Kg7 27. Ne4 Bxe4 28. fxe4 $15 {[%mdl 4096] Endgame KBN-KBN} Kh6 29. Kf2 Kg5 30. Kf3 Na5 $2 {[%mdl 8192] [#]} (30... Be7 $11 {and Black stays safe.} 31. Bxe7+ Nxe7) 31. Nxa5 $18 bxa5 {KB-KB} 32. a4 {[%cal Ba2a4,Ba4a5][%mdl 32]} h5 33. Bc7 Be7 34. Bxa5 Bc5 $2 (34... Kf6 35. c4 Ke6) 35. b4 {White is clearly winning.} Bg1 36. Bd8+ Kh6 37. a5 Kg7 38. b5 Kf8 39. b6 {[#] Black must now prevent b7.} axb6 40. Bxb6 {Accuracy: White = 75%, Black = 48%.} 1-0

[Event "Stay Safe Play From Home 204"]
[Site "T#646591Emanuel Laske"]
[Date "2020.06.05"]
[Round "1"]
[White "Chase the sun"]
[Black "Tobo Rubirosa"]
[Result "1-0"]
[WhiteElo "1867"]
[BlackElo "1672"]
[Annotator "NA RC"]
[PlyCount "97"]
[EventDate "2020.06.05"]
[EventType "swiss (blitz)"]

1. e4 {[%emt 0:00:03]} c5 {[%emt 0:00:03]} 2. Nc3 {[%emt 0:00:02]} d6 {[%emt 0:00:01]} 3. f4 {[%emt 0:00:01]} Nc6 {[%emt 0:00:02]} 4. Nf3 {[%emt 0:00:01]} g6 {[%emt 0:00:01]} 5. Bc4 {[%emt 0:00:01]} e6 {[%emt 0:00:03]} 6. d3 {[%emt 0:00:02]} Bg7 {[%emt 0:00:01]} 7. O-O {[%emt 0:00:02]} Nge7 {[%emt 0:00:01]} 8. Qe1 {[%emt 0:00:01]} Nd4 {[%emt 0:00:04]} 9. Nxd4 {[%emt 0:00:02]} Bxd4+ {[%emt 0:00:02]} 10. Kh1 {[%emt 0:00:02]} h6 {[%emt 0:00:17]} 11. f5 {[%emt 0:00:05]} exf5 {[%emt 0:00:02]} 12. exf5 {[%emt 0:00:01]} Bxf5 {[%emt 0:00:03]} 13. Ne2 {[%emt 0:00:02]} Bg7 {[%emt 0:00:06]} 14. Ng3 {[%emt 0:00:01]} Be6 {[%emt 0:00:07]} 15. Bxe6 {[%emt 0:00:03]} fxe6 {[%emt 0:00:01]} 16. Qxe6 {[%emt 0:00:00]} Rf8 {[%emt 0:00:06]} 17. Bf4 {[%emt 0:00:09]} Qd7 {[%emt 0:00:07]} 18. Rae1 {[%emt 0:00:05]} Qxe6 {[%emt 0:00:02]} 19. Rxe6 {[%emt 0:00:00]} Rf6 {[%emt 0:00:14]} 20. Rxf6 {[%emt 0:00:16]} Bxf6 {[%emt 0:00:02]} 21. Bxd6 {[%emt 0:00:00]} Bg5 {[%emt 0:00:08]} 22. Ne4 {[%emt 0:00:07]} Kd7 {[%emt 0:00:07]} 23. Bxc5 {[%emt 0:00:09]} Rc8 {[%emt 0:00:06]} 24. g3 {[%emt 0:00:13]} b6 {[%emt 0:00:06]} 25. Bxe7 {[%emt 0:00:05]} Kxe7 {[%emt 0:00:02]} 26. c3 {[%emt 0:00:03]} Ke6 {[%emt 0:00:06]} 27. Nxg5+ {[%emt 0:00:02]} hxg5 {[%emt 0:00:02]} 28. d4 {[%emt 0:00:00]} b5 {[%emt 0:00:03]} 29. Kg2 {[%emt 0:00:02]} b4 {[%emt 0:00:01]} 30. Rf3 {[%emt 0:00:02]} Kd5 {[%emt 0:00:10]} 31. Kf2 {[%emt 0:00:06]} bxc3 {[%emt 0:00:03]} 32. Rxc3 {[%emt 0:00:06]} Rf8+ {[%emt 0:00:04]} 33. Ke3 {[%emt 0:00:02]} Re8+ {[%emt 0:00:01]} 34. Kf3 {[%emt 0:00:01]} Rf8+ {[%emt 0:00:02]} 35. Kg4 {[%emt 0:00:01]} Kxd4 {[%emt 0:00:01]} 36. Kxg5 {[%emt 0:00:03]} Rf2 {[%emt 0:00:02]} 37. h4 {[%emt 0:00:06]} Rxb2 {[%emt 0:00:04]} 38. Rc6 {[%emt 0:00:01]} Rg2 {[%emt 0:00:11]} 39. g4 {[%emt 0:00:02]} Rxa2 {[%emt 0:00:02]} 40. Rxg6 {[%emt 0:00:01]} a5 {[%emt 0:00:01]} 41. Ra6 {[%emt 0:00:05]} a4 {[%emt 0:00:04]} 42. h5 {[%emt 0:00:01]} Kc4 {[%emt 0:00:01]} 43. h6 {[%emt 0:00:01]} Kb4 {[%emt 0:00:01]} 44. h7 {[%emt 0:00:04]} Rh2 {[%emt 0:00:02]} 45. Kg6 {[%emt 0:00:01]} Rh4 {[%emt 0:00:05]} 46. g5 {[%emt 0:00:01]} a3 {[%emt 0:00:04]} 47. Kg7 {[%emt 0:00:01]} Kb3 {[%emt 0:00:03]} 48. h8=Q {[%emt 0:00:04]} Rxh8 {[%emt 0:00:03]} 49. Kxh8 {[%emt 0:00:00] Tobo Rubirosa rinde (Lag: Av=0.92s, max=3.8s)} 1-0

[Event "Stay Safe Play From Home 204"]
[Site "T#646591Emanuel Laske"]
[Date "2020.06.05"]
[Round "1"]
[White "Edmatuag"]
[Black "lazieri3"]
[Result "0-1"]
[WhiteElo "1747"]
[BlackElo "2063"]
[Annotator "TA"]
[PlyCount "30"]
[EventDate "2020.06.05"]
[EventType "swiss (blitz)"]

{[%evp 12,30,0,-2,50,14,6,0,40,0,0,1,26,-29,9,0,0,-216,0,-506,-492]} 1. Nf3 c6 2. c4 d5 3. cxd5 cxd5 4. Nc3 Nc6 5. d4 Nf6 6. g3 Bf5 7. Bg2 Qc8 {D13: Slav Defence: Exchange variation without ...Bf5.} (7... e6 $11) 8. Qb3 e6 9. O-O Be7 {The position is equal.} 10. Bf4 (10. Nh4 $5 {[%cal Rh4f5]}) 10... O-O 11. Rac1 Ne4 {[#]} 12. Nb5 $146 (12. Nxe4 $142 Bxe4 13. Ne5) ({Predecessor:} 12. Rfd1 Nxc3 13. Rxc3 f6 14. Rdc1 Qd7 15. Qa4 g5 16. Be3 Rfc8 17. h4 g4 18. Ne1 {½-½ (34) Longa Yauca,J (2293)-Serna Lara,S (2234) Almansa 2009}) 12... Qd7 13. Ne5 Nxe5 14. Bxe5 $2 {[#]} (14. Rc7 $11 {and White has nothing to worry.} Qd8 15. Bxe4) 14... Rfc8 $2 (14... Nd2 $1 $19 {[%cal Rd2b3]} 15. Qd1 Nxf1 16. Bxf1 Rac8 17. Rxc8 Rxc8) 15. Qe3 $2 {[%mdl 8192]} (15. Bxe4 $11 Bxe4 16. f3) 15... Qxb5 {Accuracy: White = 41%, Black = 50%.} 0-1

[Event "Stay Safe Play From Home 204"]
[Site "T#646591Emanuel Laske"]
[Date "2020.06.05"]
[Round "1"]
[White "Timbre"]
[Black "Haris kollari 13"]
[Result "0-1"]
[WhiteElo "1678"]
[BlackElo "1987"]
[Annotator "NA RC"]
[PlyCount "86"]
[EventDate "2020.06.05"]
[EventType "swiss (blitz)"]

1. d4 {[%emt 0:00:02]} e6 {[%emt 0:00:01]} 2. Nf3 {[%emt 0:00:02]} d5 {[%emt 0:00:01]} 3. c3 {[%emt 0:00:02]} c5 {[%emt 0:00:01]} 4. Bf4 {[%emt 0:00:02]} Nc6 {[%emt 0:00:01]} 5. e3 {[%emt 0:00:01]} f5 {[%emt 0:00:01]} 6. Nbd2 {[%emt 0:00:01]} Nf6 {[%emt 0:00:01]} 7. Be2 {[%emt 0:00:01]} Bd6 {[%emt 0:00:01]} 8. Bg3 {[%emt 0:00:02]} Ne4 {[%emt 0:00:11]} 9. O-O {[%emt 0:00:03]} h6 {[%emt 0:00:03]} 10. Bxd6 {[%emt 0:00:02]} Qxd6 {[%emt 0:00:02]} 11. Nxe4 {[%emt 0:00:02]} dxe4 {[%emt 0:00:01]} 12. Nd2 {[%emt 0:00:01]} cxd4 {[%emt 0:00:05]} 13. cxd4 {[%emt 0:00:03]} O-O {[%emt 0:00:04]} 14. Nb3 {[%emt 0:00:06]} Bd7 {[%emt 0:00:02]} 15. Bc4 {[%emt 0:00:04]} Ne7 {[%emt 0:00:02]} 16. Nc5 {[%emt 0:00:03]} b6 {[%emt 0:00:07]} 17. Nxd7 {[%emt 0:00:02]} Qxd7 {[%emt 0:00:01]} 18. Qb3 {[%emt 0:00:01]} Nd5 {[%emt 0:00:01]} 19. Bxd5 {[%emt 0:00:02]} exd5 {[%emt 0:00:01]} 20. h3 {[%emt 0:00:02]} Rac8 {[%emt 0:00:01]} 21. Rac1 {[%emt 0:00:02]} Rc6 {[%emt 0:00:02]} 22. Rxc6 {[%emt 0:00:03]} Qxc6 {[%emt 0:00:01]} 23. Qa3 {[%emt 0:00:05]} Rf7 {[%emt 0:00:03]} 24. Qa6 {[%emt 0:00:03]} Rc7 {[%emt 0:00:02]} 25. b3 {[%emt 0:00:03]} b5 {[%emt 0:00:07]} 26. Qa3 {[%emt 0:00:03]} a6 {[%emt 0:00:12]} 27. Qb2 {[%emt 0:00:03]} b4 {[%emt 0:00:03]} 28. Qe2 {[%emt 0:00:02]} a5 {[%emt 0:00:03]} 29. Qh5 {[%emt 0:00:02]} Qe6 {[%emt 0:00:06]} 30. f3 {[%emt 0:00:01]} Kh7 {[%emt 0:00:03]} 31. fxe4 {[%emt 0:00:02]} fxe4 {[%emt 0:00:05]} 32. Rf4 {[%emt 0:00:03]} g5 {[%emt 0:00:12]} 33. Rf2 {[%emt 0:00:11]} Kg7 {[%emt 0:00:01]} 34. Qe2 {[%emt 0:00:05]} Rc1+ {[%emt 0:00:04]} 35. Kh2 {[%emt 0:00:02]} Rc3 {[%emt 0:00:09]} 36. Qb5 {[%emt 0:00:05]} Qd6+ {[%emt 0:00:13]} 37. g3 {[%emt 0:00:08]} h5 {[%emt 0:00:04]} 38. Qb7+ {[%emt 0:00:03]} Rc7 {[%emt 0:00:02]} 39. Qb8 {[%emt 0:00:05]} h4 {[%emt 0:00:02]} 40. Rg2 {[%emt 0:00:10]} hxg3+ {[%emt 0:00:01]} 41. Kh1 {[%emt 0:00:05]} Rc1+ {[%emt 0:00:01]} 42. Rg1 {[%emt 0:00:01]} Rxg1+ {[%emt 0:00:01]} 43. Kxg1 {[%emt 0:00:02]} Qxb8 {[%emt 0:00:00] Timbre resigns (Lag: Av=0.33s, max=0.9s)} 0-1

[Event "Stay Safe Play From Home 204"]
[Site "T#646591Emanuel Laske"]
[Date "2020.06.05"]
[Round "2"]
[White "Chesstiger9"]
[Black "Chase the sun"]
[Result "0-1"]
[WhiteElo "2117"]
[BlackElo "1875"]
[Annotator "TA"]
[PlyCount "68"]
[EventDate "2020.06.05"]
[EventType "swiss (blitz)"]

{[%evp 24,68,5,2,10,0,0,0,0,0,0,0,0,0,5,2,4,0,3,0,0,0,329,0,0,0,0,0,9,7,19,0,7,0,132,17,75,8,8,8,8,8,17,-1956,-2011,-1163,-603]} 1. d4 e6 2. Nf3 Nf6 3. e3 c5 4. Bd3 b6 5. Qe2 d5 6. c3 Be7 7. Nbd2 Nbd7 8. O-O Bb7 9. e4 dxe4 10. Nxe4 Nxe4 11. Bxe4 Bxe4 12. Qxe4 O-O 13. Rd1 Nf6 {D05: Colle System with ...e6.} 14. Qe2 Qc7 15. dxc5 Bxc5 {The position is equal.} 16. h3 {[#]} Rad8 $146 ({Predecessor:} 16... h6 17. b3 Rad8 18. Bb2 Qf4 19. c4 Ne4 20. Bd4 Bxd4 21. Rxd4 Rxd4 22. Nxd4 Nc3 23. Qd3 Qxd4 24. Qxd4 Ne2+ 25. Kf1 Nxd4 {0-1 (25) Gardim,L-Silva,S (2081) Batatais 2010}) 17. Bg5 Be7 18. Bh4 Nd5 19. Bg3 Bd6 20. Bxd6 Rxd6 21. Rd4 Rfd8 22. Rad1 Nf4 $2 {[%mdl 8192] [#]} (22... h6 $11 {and Black is okay.}) 23. Qe3 $2 ({White has to play} 23. Qe5 $18 {[%cal Rd4d6]} Nxh3+ 24. gxh3 Rxd4 25. Rxd4) 23... Rxd4 $11 24. Rxd4 Rxd4 25. Nxd4 a6 26. Qe4 {[#] Intending Qa8+ and mate.} (26. g3 {with more complications.} Nd5 27. Qd3 Qb7 28. Nf5 b5 29. Ne3) 26... h6 27. Qa8+ Kh7 28. Qxa6 e5 (28... Qe5 $11 {keeps the balance.}) 29. Nf3 (29. Ne2 $16) 29... Qc6 (29... Qd6 $11) 30. Qf1 ({White should try} 30. Kf1 $16) 30... Nxh3+ 31. Kh2 Nf4 $1 32. Nxe5 Qd5 33. Nc4 $2 {[%mdl 8192]} (33. Nf3 $11) 33... Qh5+ $19 34. Kg1 Ne2+ {Accuracy: White = 60%, Black = 84%.} 0-1

[Event "Stay Safe Play From Home 204"]
[Site "T#646591Emanuel Laske"]
[Date "2020.06.05"]
[Round "2"]
[White "Bellbox"]
[Black "Timbre"]
[Result "0-1"]
[WhiteElo "1959"]
[BlackElo "1673"]
[Annotator "TA"]
[PlyCount "168"]
[EventDate "2020.06.05"]
[EventType "swiss (blitz)"]

{[%evp 9,168,31,74,35,82,0,0,-8,0,0,0,-15,-10,-5,-8,-3,-11,-17,-20,-18,-15,-21,0,0,0,-14,0,-49,-21,-33,384,376,391,383,379,372,344,315,438,248,233,239,331,216,205,198,243,195,214,220,273,237,266,241,277,20,344,335,393,-62,-61,-216,-208,-211,-191,-207,0,-8,0,-157,7,7,139,-254,60,52,52,52,52,0,0,-8,-8,-13,-8,-8,-8,-17,0,-2,0,0,0,0,0,0,0,0,0,0,0,0,0,0,0,0,0,0,0,0,0,0,0,0,0,0,0,0,0,0,0,0,0,0,0,0,0,0,486,0,5423,0,0,0,0,0,0,0,0,0,0,0,0,0,0,0,0,0,0,-1817,-1712,-2610,-3630,-29978,-29978,-29983,-29984,-29984,-29985,-29986,-29987]} 1. e4 c6 2. d3 d5 3. Nd2 dxe4 4. dxe4 Nf6 5. Ngf3 Bg4 6. h3 {B10: Caro-Kann: 2 d3 and 2 c4.} (6. e5 $5 {[%cal Re5f6]} Nd5 7. h3 $14) 6... Bh5 {[#]} 7. Bc4 (7. e5 $1 $16 {[%cal Re5f6]} Nd5 8. c4) 7... e6 $11 8. O-O {The position is equal.} Be7 9. Qe2 {[#]} Nbd7 $146 {[%cal Bb8d7,Bd7e5,Be5f3][%mdl 32]} ({Predecessor:} 9... O-O 10. Rd1 Qc7 11. Nf1 h6 12. Ng3 Bg6 13. Bd2 Nbd7 14. a4 Rfd8 15. b4 Nh5 16. Nxh5 Bxh5 {1-0 (50) Beblik,C-Lohse,S Berlin 1995}) 10. a3 Ne5 11. g4 Nxf3+ $1 12. Nxf3 Bg6 13. e5 Nd5 14. Rd1 Qc7 15. Bb3 O-O 16. c4 $36 {[%mdl 2048] White is more active.} Nb6 17. Bf4 Rad8 18. Rd6 {[%mdl 64] [#] Decoy} Bxd6 (18... Rxd6 {seems wilder.} 19. exd6 Bxd6 20. Bxd6 Qxd6 21. Rd1 Qe7) 19. exd6 Rxd6 $2 {[%mdl 8192]} (19... Qc8 $15 {keeps the upper hand.}) 20. c5 $18 {[%mdl 64] Double Attack, Pin} Rd1+ 21. Rxd1 Qxf4 22. cxb6 axb6 23. Qe3 Qf6 24. Kg2 (24. Ne5 $142 Rd8 25. Qxb6) 24... Qxb2 25. a4 Qf6 26. Qe5 ({Don't play} 26. Qxb6 Be4 $18) 26... Qe7 27. Qd6 Qf6 {Black wants to play ...Be4.} 28. Qd4 Qe7 29. Qxb6 h5 30. g5 Bf5 31. Qd4 g6 32. Qd7 $2 (32. Qe3 $18) 32... Qa3 $2 {[%mdl 8192]} (32... Qb4 $11 {and Black has nothing to worry.} 33. Nd4 Be4+ 34. f3 Bd5 35. Bxd5 exd5) 33. Qxb7 Qc5 {Hoping for ...Be4.} 34. Qd7 $2 ({White must play} 34. Rd4 $18) 34... Qc3 $15 {aiming for ...Be4.} 35. Nd2 $2 (35. Rh1 $15 Qxb3 36. Qxc6) 35... Qxh3+ $19 36. Kg1 Qg4+ {[%mdl 1024] Black has strong compensation.} 37. Kf1 Qh3+ $2 (37... e5 $19 38. Qd6 h4) 38. Ke1 Qh1+ 39. Nf1 $2 ({Only move:} 39. Ke2 $11 Bg4+ 40. f3 Qg2+ 41. Ke3) 39... Bh3 $2 (39... Qe4+ $17 40. Ne3 Qb4+ {[%mdl 64] Double Attack} 41. Kf1 Qxb3 42. Qxc6 Bg4) 40. Bc4 $11 {Black should prevent Qd4.} Qe4+ (40... Bxf1 $1 $11 {remains equal.} 41. Bxf1 Qe4+ 42. Be2 Qh1+ 43. Kd2 Qh4) 41. Be2 $2 {[%mdl 8192]} (41. Ne3 $16 {is forced if you want to stay better.}) 41... Bg4 $2 ({Better is} 41... Bxf1 $1 $19 {[%csl Gf1][%cal Re4e2]} 42. Qd3 Qxd3 43. Rxd3 Bxe2 44. Kxe2 Ra8) 42. Ne3 {Black must now prevent Bxg4.} Bxe2 43. Kxe2 Qxa4 44. Qd4 (44. Qe7 $14) 44... Qb5+ 45. Qd3 Qxg5 46. Rc1 Rd8 47. Qc3 Qb5+ 48. Qc4 Qb2+ 49. Rc2 Qb7 50. Qxc6 Qb1 51. Qc7 Rf8 52. Rd2 Qb5+ 53. Kf3 Qa4 54. Rd8 (54. Nc4 {with more complications.} Qa8+ 55. Ke3 Rc8 56. Qf4 Qa4 57. Rd4) 54... Rxd8 55. Qxd8+ Kg7 56. Qd3 Qc6+ 57. Ke2 Qb6 58. Qc3+ Kh7 59. Qf6 Qb7 60. Nf1 Qb5+ 61. Ke1 Qb1+ 62. Ke2 Qc2+ 63. Nd2 Qc7 64. Nf3 Qc4+ 65. Ke1 {Ng5+ would kill now.} Qc1+ 66. Ke2 {Strongly threatening Ng5+.} Qc2+ 67. Ke3 {Intending Ng5+ and mate.} Qb3+ 68. Kf4 Qb8+ $2 {[%mdl 8192]} (68... Qb4+ $11 69. Nd4 Kg8) 69. Kg5 $2 (69. Ne5 $18 Kg8 70. Kg5) 69... Qb5+ $2 {[%mdl 8192]} (69... Qb7 $11) 70. Kh4 $2 (70. Ne5 $18 Qb7 71. Qxf7+ Qxf7 72. Nxf7) 70... Qc4+ 71. Kg3 Qg4+ $1 72. Kh2 {And now Ng5+ would win.} Kg8 73. Qd8+ (73. Nh4 {feels hotter.} Qe4 74. f4 Qe2+ 75. Ng2 Qf2 76. Qe5) 73... Kg7 74. Qd3 h4 75. Qd4+ Qxd4 76. Nxd4 {[%mdl 4096] Endgame KN-KP} g5 77. Kh3 Kg6 78. Kg4 f5+ 79. Kf3 $2 {[%mdl 8192]} (79. Kh3 $11) 79... e5 $19 80. Nc6 e4+ 81. Ke3 h3 {Black mates.} 82. f3 h2 83. fxe4 fxe4 84. Ne5+ Kf5 {Both players deserved the win here. Accuracy: White = 61%, Black = 65%.} 0-1

[Event "Stay Safe Play From Home 204"]
[Site "T#646591Emanuel Laske"]
[Date "2020.06.05"]
[Round "2"]
[White "Kongle"]
[Black "lazieri3"]
[Result "1-0"]
[WhiteElo "1790"]
[BlackElo "2068"]
[Annotator "TA"]
[PlyCount "61"]
[EventDate "2020.06.05"]
[EventType "swiss (blitz)"]

{[%evp 9,60,4,4,0,5,-32,0,0,1,-28,0,0,6,0,0,8,34,27,33,33,78,71,99,67,101,56,52,55,79,54,125,136,110,43,46,10,46,26,159,105,1047,1040,1008,972,1045,1040,906,435,1608,1583,29998,29999,29999]} 1. d4 c6 2. e4 d5 3. e5 Bf5 4. c3 e6 5. Ne2 c5 6. Ng3 {B12: Caro-Kann: Advance Variation.} Bg6 7. h4 h6 8. h5 {The position is equal.} Bh7 {[#]} 9. Bb5+ $146 ({Predecessor:} 9. Bd3 Bxd3 10. Qxd3 Nc6 11. Nd2 Qb6 12. Nf3 cxd4 13. cxd4 Bb4+ 14. Bd2 Bxd2+ 15. Qxd2 Qb4 16. Rc1 Kd7 17. Rc3 Nge7 18. O-O Rac8 {1-0 (46) Partoens,R (1957)-Owoc,J (1675) Wroclaw 2019}) 9... Nc6 10. O-O cxd4 11. cxd4 Nge7 12. Nc3 a6 13. Bd3 Bxd3 14. Qxd3 Qb6 15. Be3 Nb4 16. Qd2 Rc8 17. a3 Nbc6 18. b4 Na7 19. Na4 Qb5 (19... Qc6 $1 $14 20. Nc5 b6) 20. Nc5 $16 Nec6 21. Rfc1 (21. f4 $16) 21... Bxc5 $14 22. Rxc5 Qb6 23. Rac1 Ke7 (23... Ne7 $11) 24. Kh2 ({White should play} 24. f4) 24... Nd8 $2 {[%mdl 8192] [#] Now Black is done in.} (24... Qd8 $16) 25. Rxc8 $18 Nxc8 26. Rxc8 Kd7 27. Qc3 Re8 28. a4 (28. Qc2 $142 a5 29. b5) 28... Re7 (28... Nc6 $142) 29. a5 Qb5 30. Qc7+ {[%mdl 64] [#] Double Attack} Ke8 31. Qxd8# {Accuracy: White = 52%, Black = 36%.} 1-0

[Event "Stay Safe Play From Home 204"]
[Site "T#646591Emanuel Laske"]
[Date "2020.06.05"]
[Round "2"]
[White "Lucknow"]
[Black "Haris kollari 13"]
[Result "0-1"]
[WhiteElo "1705"]
[BlackElo "1992"]
[Annotator "NA RC"]
[PlyCount "68"]
[EventDate "2020.06.05"]
[EventType "swiss (blitz)"]

1. d4 {[%emt 0:00:04]} e6 {[%emt 0:00:01]} 2. c4 {[%emt 0:00:01]} d5 {[%emt 0:00:03]} 3. Nf3 {[%emt 0:00:01]} c6 {[%emt 0:00:02]} 4. Nc3 {[%emt 0:00:01]} Bd6 {[%emt 0:00:01]} 5. Qc2 {[%emt 0:00:02]} Bd7 {[%emt 0:00:01]} 6. a3 {[%emt 0:00:02]} f5 {[%emt 0:00:02]} 7. Bg5 {[%emt 0:00:02]} Nf6 {[%emt 0:00:01]} 8. e3 {[%emt 0:00:01]} h6 {[%emt 0:00:01]} 9. Bf4 {[%emt 0:00:06]} Bxf4 {[%emt 0:00:03]} 10. exf4 {[%emt 0:00:01]} O-O {[%emt 0:00:06]} 11. c5 {[%emt 0:00:04]} b6 {[%emt 0:00:02]} 12. b4 {[%emt 0:00:02]} a5 {[%emt 0:00:02]} 13. Rb1 {[%emt 0:00:11]} Qc7 {[%emt 0:00:09]} 14. Ne5 {[%emt 0:00:05]} b5 {[%emt 0:00:02]} 15. Bd3 {[%emt 0:00:05]} axb4 {[%emt 0:00:10]} 16. axb4 {[%emt 0:00:03]} Na6 {[%emt 0:00:02]} 17. O-O {[%emt 0:00:04]} Ra7 {[%emt 0:00:04]} 18. Rfe1 {[%emt 0:00:35]} Rfa8 {[%emt 0:00:03]} 19. Re2 {[%emt 0:00:16]} Be8 {[%emt 0:00:01]} 20. f3 {[%emt 0:00:05]} Nb8 {[%emt 0:00:09]} 21. Rbe1 {[%emt 0:00:05]} Ra3 {[%emt 0:00:04]} 22. Rb1 {[%emt 0:00:19]} Ra1 {[%emt 0:00:03]} 23. Ree1 {[%emt 0:00:04]} R1a3 {[%emt 0:00:14]} 24. Qb2 {[%emt 0:00:05]} R8a6 {[%emt 0:00:02]} 25. Ra1 {[%emt 0:00:08]} Qa7 {[%emt 0:00:01]} 26. Rxa3 {[%emt 0:00:01]} Rxa3 {[%emt 0:00:01]} 27. Rb1 {[%emt 0:00:01]} Nh5 {[%emt 0:00:06]} 28. g3 {[%emt 0:00:02]} Nf6 {[%emt 0:00:01]} 29. Qc2 {[%emt 0:00:10]} Ra1 {[%emt 0:00:02]} 30. Qb2 {[%emt 0:00:09]} Rxb1+ {[%emt 0:00:05]} 31. Bxb1 {[%emt 0:00:00]} g5 {[%emt 0:00:07]} 32. fxg5 {[%emt 0:00:06]} hxg5 {[%emt 0:00:01]} 33. Qa2 {[%emt 0:00:00]} Qxa2 {[%emt 0:00:02]} 34. Bxa2 {[%emt 0:00:01]} Na6 {[%emt 0:00:01] Lucknow gibt auf (Lag: Av=0.44s, max=0.8s)} 0-1

[Event "Stay Safe Play From Home 204"]
[Site "T#646591Emanuel Laske"]
[Date "2020.06.05"]
[Round "2"]
[White "Tobo Rubirosa"]
[Black "All4tactics"]
[Result "0-1"]
[WhiteElo "1664"]
[BlackElo "1787"]
[Annotator "NA RC"]
[PlyCount "54"]
[EventDate "2020.06.05"]
[EventType "swiss (blitz)"]

1. d4 {[%emt 0:00:05]} Nf6 {[%emt 0:00:02]} 2. Nf3 {[%emt 0:00:01]} g6 {[%emt 0:00:02]} 3. c4 {[%emt 0:00:02]} c5 {[%emt 0:00:02]} 4. d5 {[%emt 0:00:08]} b5 {[%emt 0:00:02]} 5. cxb5 {[%emt 0:00:02]} a6 {[%emt 0:00:01]} 6. bxa6 {[%emt 0:00:02]} Bg7 {[%emt 0:00:02]} 7. Nc3 {[%emt 0:00:07]} Bxa6 {[%emt 0:00:02]} 8. g3 {[%emt 0:00:04]} O-O {[%emt 0:00:03]} 9. d6 {[%emt 0:00:01]} exd6 {[%emt 0:00:04]} 10. Qxd6 {[%emt 0:00:01]} Re8 {[%emt 0:00:14]} 11. Qxc5 {[%emt 0:00:03]} Nc6 {[%emt 0:00:08]} 12. Bg2 {[%emt 0:00:04]} Ne4 {[%emt 0:00:37]} 13. O-O {[%emt 0:00:08]} Nxc5 {[%emt 0:00:03]} 14. Nd5 {[%emt 0:00:08]} Bxe2 {[%emt 0:00:05]} 15. Re1 {[%emt 0:00:05]} Nd3 {[%emt 0:00:06]} 16. Rxe2 {[%emt 0:00:05]} Rxe2 {[%emt 0:00:02]} 17. Be3 {[%emt 0:00:01]} Rxe3 {[%emt 0:00:05]} 18. fxe3 {[%emt 0:00:04]} Bxb2 {[%emt 0:00:07]} 19. Rb1 {[%emt 0:00:03]} Rxa2 {[%emt 0:00:04]} 20. Nd4 {[%emt 0:00:11]} Nxd4 {[%emt 0:00:03]} 21. exd4 {[%emt 0:00:01]} Bxd4+ {[%emt 0:00:02]} 22. Kh1 {[%emt 0:00:02]} Nf2+ {[%emt 0:00:09]} 23. Kg1 {[%emt 0:00:03]} Qa5 {[%emt 0:00:07]} 24. Rb8+ {[%emt 0:00:09]} Kg7 {[%emt 0:00:02]} 25. Rb1 {[%emt 0:00:05]} Nd1+ {[%emt 0:00:08]} 26. Kh1 {[%emt 0:00:05]} Qe1+ {[%emt 0:00:02]} 27. Bf1 {[%emt 0:00:04]} Qxf1# {[%emt 0:00:02] (Lag: Av=0.59s, max=0.7s)} 0-1